Statystyki dla Top 13 krajów z najbogatszymi graczami w brawl stars

Kliknij tutaj aby rozwiązać quiz!

Ogólne statystyki

  • Ten quiz został rozwiązany 683 razy
  • Średni wynik to 4 z 13

Statystyki odpowiedzi

Liczba Monet Najbogatszego Gracza w krajuKraj z Najbogatszym Graczem% Poprawnych
5 266 660Stany Zjednoczone
87%
6 550 000Francja
68%
1 600 000Hiszpania
59%
3 691 660Kanada
54%
100 000Szwajcaria
41%
75 000Argentyna
33%
1 200 000Dania
26%
200 000Austria
23%
37 500Chile
22%
37 500Wenezuela
18%
600 000Kostaryka
3%
600 000Portoryko
3%
300 000Honduras
1%

Rozkład punktacji

Percentyl według liczby udzielonych odpowiedzi

Procent ludzi z każdym wynikiem

Twoja historia wyników

Nie rozwiązałeś tego quizu